Designing for People /

Na minha lista:
Detalhes bibliográficos
Autor principal: Dreyfuss, Henry (autor)
Outros Autores: Peters, Tom (prefacio) (prefacio), Simon, Richard L. (introducción) (introducción)
Formato: Livro
Idioma:inglês
Publicado em: Nueva York, EUA : Allworth, 2012, c2012
Assuntos:
Tags: Adicionar Tag
Sem tags, seja o primeiro a adicionar uma tag!

MARC

LEADER 00000nam^a2200000^a^4500
001 000446081
005 20250521000000.0
009 20260310123559.15
020 |a 978-1-58115-312-5 
037 |a Acervo ITESO - Biblioteca 
041 |a ING 
082 |a 745. 2  |b DRE 
100 |a Dreyfuss, Henry  |e (autor) 
245 1 0 |a Designing for People /  |c H. Dreyfuss ; pref. de T. Peters, Earl Powell ; introd. de R.L. Simon. 
264 4 |a Nueva York, EUA :  |b Allworth,  |c 2012, c2012 
300 |a 284 p. 
336 |a texto  |b txt  |2 rdacontenido 
337 |a sin mediación  |b n  |2 rdamedio 
338 |a volumen  |b nc  |2 rdasoporte 
649 |a XX 
650 |a Diseño del Producto 
650 |a Diseño Industrial -  |x Historia y Crítica 
650 |a Diseño Industrial -  |x Teoría 
650 |a Diseño Industrial -  |x Tema Principal 
650 |a Diseño y Sociedad -  |x Tema Principal 
650 |a Diseño -  |x Historia y Crítica 
650 |a Diseño 
650 |a Arte 
700 |a Peters, Tom  |e (prefacio) 
700 |a Simon, Richard L.  |e (introducción) 
910 |a Fondo General 
920 |a Impresos - Libros 
930 |a Colección General 
905 |a 101 
901 |a 0500372188  |b IT1  |c ACC  |i C178825  |u 20250521 
902 |a https://opac.biblio.iteso.mx/vufind/Record/000446081